Efectos de las exportaciones no tradicionales en la distribución del ingreso (Registro nro. 24359)

Detalles MARC
000 -LEADER
fixed length control field 00383 a2200109 4500
001 - CONTROL NUMBER
control field ART_8517
005 - DATE AND TIME OF LATEST TRANSACTION
control field 20260410161844.0
008 - FIXED-LENGTH DATA ELEMENTS--GENERAL INFORMATION
fixed length control field 260409a
100 1# - MAIN ENTRY--PERSONAL NAME
Personal name Díaz Alejandro, Carlos F.
245 10 - TITLE STATEMENT
Title Efectos de las exportaciones no tradicionales en la distribución del ingreso
773 0# - HOST ITEM ENTRY
Title El trimestre económico
Related parts - Vol. XLIV, Nº 174 (abr./jun. 1977)
Record control number REV6933

No hay ítems disponibles.